000 00584cam a2200205ua 4500
001 11737
008 191031n ii |||gr||||Z||||||eng
020 _a9789387945043
040 _cMAIN
082 _a808
100 _a Susanta Kumar Bardhan . ,
_eAuthor.
245 _aStylistics :
_btheory and practice /
_cBy Susanta Kumar Bardhan .
250 _a1st ed.
260 _aJaipur:
_bYking books,
_c2018.
300 _a192p.
653 _aRhetoric & collections of literature
653 _aLanguage and linguistics studies
700 _aPrashant Mishra,
_eAuthor.
942 _cBK
999 _c10540
_d10540